000 00553nam a22002057a 4500
003 OSt
005 20180119142802.0
008 180119b xxu||||| |||| 00| 0 eng d
020 _a9780071801843
040 _cDNLM
082 _aQV600 G567r 2015
100 _aHoffman, Robert S.[et...al]
_912375
245 _aGoldfrank's Toxicologic Emergencies
250 _a10th ed.
260 _aNew York; Mcgraw-hill, 2015
300 _axxi,1882p; col.ill: 28cm
504 _aReferences, & index included
650 _aToxicology
_99469
942 _2z
_cO_SHELF
999 _c5965
_d5965